Score 0/8 Timer 03:00
0 Plays Today
Continent Country % Correct
EuropeLiechtenstein
71.4%
EuropeAndorra
61.9%
OceaniaMarshall Islands
47.6%
AsiaBrunei
42.9%
AsiaSaudi Arabia
38.1%
North AmericaSt.Kitts and Nevis
33.3%
AfricaChad
23.8%
AfricaTogo
23.8%
Remove Ads.
Support Sporcle.
Get the best of Sporcle when you Go Orange. This ad-free experience offers more features, more stats, and more fun while also helping to support Sporcle. Thank you for becoming a member.

You're not logged in!

Compare scores with friends on all Sporcle quizzes.
OR
Log In

Show Comments

Extras

Top Quizzes Today


Score Distribution

Your Account Isn't Verified!

In order to create a playlist on Sporcle, you need to verify the email address you used during registration. Go to your Sporcle Settings to finish the process.

Report this User

Report this user for behavior that violates our Community Guidelines.

Details: